Obligados y ofendidos y gorron de Salamanca (Record no. 163886)

MARC details
000 -LEADER
campo de control de longitud fija 01050nam a2200241 i 4500
001 - NÚMERO DE CONTROL
campo de control 163886
003 - IDENTIFICADOR DE NÚMERO DE CONTROL
campo de control ES-MaACL
005 - FECHA Y HORA DE LA ÚLTIMA TRANSACCIÓN
campo de control 20250513063025.0
008 - DATOS DE LONGITUD FIJA--INFORMACIÓN GENERAL
campo de control de longitud fija 050721q17241756sp |||| | spa d
100 1# - ENTRADA PRINCIPAL--NOMBRE DE PERSONA
Nombre de persona Rojas Zorrilla, Francisco de,
Fechas asociadas al nombre 1607-1648
9 (RLIN) 99085
245 10 - MENCIÓN DEL TÍTULO
Título Obligados y ofendidos y gorron de Salamanca
Resto del título : comedia famosa /
Mención de responsabilidad, etc. de Don Francisco de Roxas.
260 ## - PUBLICACIÓN, DISTRIBUCIÓN, ETC.
Lugar de publicación, distribución, etc. En Sevilla :
Nombre del editor, distribuidor, etc. en la imprenta castellana y latina de Diego Lopez de Haro, calle de Genova,
Fecha de publicación, distribución, etc. [entre 1724-1756]
300 ## - DESCRIPCIÓN FÍSICA
Extensión 32 p. ;
Dimensiones 4º.
500 ## - NOTA GENERAL
Nota general Precede al tít., enmarcado en orla tip.: Núm. 37.
530 ## - NOTA DISPONIBLE DE FORMULARIO FÍSICO ADICIONAL
Nota de formato físico adicional disponible Disponible en formato digital.
596 ## - NOTA AL PIE DE IMPRENTA
NOTA AL PIE DE IMPRENTA Pie de imp. consta en colofón.
596 ## - NOTA AL PIE DE IMPRENTA
NOTA AL PIE DE IMPRENTA Diego López de Haro ejerce ca. 1724-1756, según consta en CCPB.
597 ## - NOTA DE DESCRIPCIÓN FÍSICA
NOTA DE DESCRIPCIÓN FÍSICA Sign.: A-D4.
597 ## - NOTA DE DESCRIPCIÓN FÍSICA
NOTA DE DESCRIPCIÓN FÍSICA Texto a dos col., separado por orla tip.
852 ## - LOCALIZACIÓN
Ubicación ES-MaACL
Número de control de estantería R-3021-36
Encuadernación T-1409
Nota libre - Enc. piel gofrada con hierros dorados
856 ## - LOCALIZACIÓN Y ACCESO ELECTRÓNICOS
Identificador Uniforme de Recursos <a href="https://archive.org/details/A03930818910 ">https://archive.org/details/A03930818910 </a>
Nota pública Internet Archive
Holdings
Estatus retirado Estado de pérdida Estado de daño No para préstamo Colección Biblioteca de origen Biblioteca actual Ubicación en estantería Fecha de adquisición Total de préstamos Signatura topográfica completa Código de barras Visto por última vez Precio de reemplazo Tipo de ítem Koha
        Colección digital Biblioteca del Ateneo de Madrid Biblioteca del Ateneo de Madrid Depósito 17/01/2008   R-3021-36 1171757 23/02/2023 23/02/2023 Libro impreso antiguo